The climate for change in UK Agriculture (Record no. 121700)

MARC details
000 -LEADER
fixed length control field 01649nam a22002537a 4500
008 - FIXED-LENGTH DATA ELEMENTS--GENERAL INFORMATION
fixed length control field 231106s2006 xxk|||||r|||| 00| 0 eng d
020 ## - INTERNATIONAL STANDARD BOOK NUMBER
ISBN 9780955185335
041 ## - LANGUAGE CODE
Language code of text/sound track or separate title eng
110 ## - MAIN ENTRY--CORPORATE NAME
Corporate author Royal Institution of Chartered Surveyors
245 ## - TITLE STATEMENT
Title The climate for change in UK Agriculture
Subtitle report number 2
260 ## - PUBLICATION INFORMATION
Place of publication Cirencester,
Publisher Royal Agricultural College
Date 2006
300 ## - PHYSICAL DESCRIPTION
Physical description 71p.
Other physical details wirebound
500 ## - GENERAL NOTE
General note Sponsored by RICS. 100 Club Annual Fellowship in Rural Land Management
520 ## - ABSTRACT
Abstract This report considers the capacity of UK agriculture to respond to changes in the political climate and the policy makers' ability to influence the direction of UK agriculture at regional, national and European level. Summary and recommendations -- Background -- Reducing energy consumption -- UK agriculture and climate change -- The policy climate -- The impact of climate change on agriculture in UK -- Agriculture's response -- Regional responses -- Financing and incentivising renewable energy -- The scope for bio-energy -- The scope for combined heat and power -- Conclusions<br/><br/>Look at key climate change scenarios, highlighting the implications for UK agriculture and possible options for farmers and those who advise them. Also considers the effect which UK agriculture has on climate change and how UK agriculture could lessen this impact. (Summary L140279)
650 ## - KEYWORDS
Keywords AGRICULTURE
650 ## - KEYWORDS
Keywords RURAL
650 ## - KEYWORDS
Keywords LAND MANAGEMENT
651 ## - SUBJECT ADDED ENTRY--GEOGRAPHIC NAME
Geographic name United Kingdom
690 ## - BROAD SUBJECT
9 (RLIN) 6268
Broad subject Rural
700 ## - ADDED PERSONAL NAME
Added personal author Fane, Peter
710 ## - ADDED CORPORATE NAME
Added corporate author Royal Institution of Chartered Surveyors
710 ## - ADDED CORPORATE NAME
Added corporate author Royal Agricultural College
942 ## - ADDED ENTRY ELEMENTS (KOHA)
Suppress in OPAC Do not suppress in OPAC
Holdings
Lost status Damaged status Not for loan Current library Shelving location Date acquired Total Checkouts Full call number Date last seen Price effective from Koha item type
      Archives RICS Boxes 06/11/2023   RICS 2006/98 06/11/2023 06/11/2023 Book